000 01341nam a2200277Ia 4500
999 _c40868
_d40868
001 7512
003 GE_BSU
005 20200109103012.0
008 181216s2013||||ge |||||||||||||| ||geo||
020 _a9789941220531
040 _cGE_BSU
041 _ageo
080 _a94(37)+930(37) ს-96
100 _aსურგულაძე, კახაბერ
_96023
245 _aძველი რომის ისტორიის წყაროთმცოდნეობა და ისტორიოგრაფია /
_cკახაბერ სურგულაძე ; რედ. ომარ ნიშნიანიძე.
264 _aთბილისი :
_bუნივერსალი,
_c2013.
300 _a243 გვ.;
_b21 სმ.
500 _a თავფურ. მე-3 გვ.
504 _a ბიბლიოგრ.: გვ. 230-241
520 _aრეზ. ინგლ.
653 _aძველი რომის ისტორიის წყროები
653 _aძველი რომის ისტორიოგრაფია
700 _aნიშნიანიძე, ომარ
_eრედაქტორი
_96024
710 _a ბათუმის შოთა რუსთაველის სახელმწ. უნ-ტი
_96025
942 _cBK
_2udc